Value management of construction projects / (Record no. 17374)
[ view plain ]
| 000 -LEADER | |
|---|---|
| fixed length control field | 01047pam a2200325 a 4500 |
| 001 - CONTROL NUMBER | |
| control field | 012270768 |
| 003 - CONTROL NUMBER IDENTIFIER | |
| control field | OSt |
| 005 - DATE AND TIME OF LATEST TRANSACTION | |
| control field | 20201128020943.0 |
| 008 - FIXED-LENGTH DATA ELEMENTS--GENERAL INFORMATION | |
| fixed length control field | 031007s2004 xxka frb 001 0 eng d |
| 010 ## - LIBRARY OF CONGRESS CONTROL NUMBER | |
| LC control number | 2003063026 |
| 020 ## - INTERNATIONAL STANDARD BOOK NUMBER | |
| International Standard Book Number | 0632051434 (pbk.) |
| 020 ## - INTERNATIONAL STANDARD BOOK NUMBER | |
| International Standard Book Number | 9780632051434 |
| 082 04 - DEWEY DECIMAL CLASSIFICATION NUMBER | |
| Classification number | 690.068 |
| Edition number | 22 |
| Item number | KEL |
| 100 1# - MAIN ENTRY--PERSONAL NAME | |
| Personal name | Kelly, John, |
| Dates associated with a name | 1947 June 4- |
| 9 (RLIN) | 32882 |
| 245 10 - TITLE STATEMENT | |
| Title | Value management of construction projects / |
| Statement of responsibility, etc | John Kelly, Steven Male, Drummond Graham. |
| 250 ## - EDITION STATEMENT | |
| Edition statement | 1st ed. |
| 260 ## - PUBLICATION, DISTRIBUTION, ETC. (IMPRINT) | |
| Place of publication, distribution, etc | Oxford, United Kingdom : |
| Name of publisher, distributor, etc | Blackwell Science, |
| Date of publication, distribution, etc | 2004. |
| 300 ## - PHYSICAL DESCRIPTION | |
| Extent | x, 369 p. : |
| Other physical details | ill. ; |
| Dimensions | 25 cm. |
| 500 ## - GENERAL NOTE | |
| General note | Index : p. 367-369. |
| 500 ## - GENERAL NOTE | |
| General note | Includes appendixes. |
| 504 ## - BIBLIOGRAPHY, ETC. NOTE | |
| Bibliography, etc | Bibliography : p. 363-366. |
| 650 #0 - SUBJECT ADDED ENTRY--TOPICAL TERM | |
| Topical term or geographic name as entry element | Construction industry |
| General subdivision | management |
| 9 (RLIN) | 1204 |
| 650 #0 - SUBJECT ADDED ENTRY--TOPICAL TERM | |
| Topical term or geographic name as entry element | Value analysis (Cost control) |
| 9 (RLIN) | 29392 |
| 650 #0 - SUBJECT ADDED ENTRY--TOPICAL TERM | |
| Topical term or geographic name as entry element | Project management |
| 9 (RLIN) | 11664 |
| 653 ## - INDEX TERM--UNCONTROLLED | |
| Resource For college | |
| Arrived date list | March2013 |
| -- | January2014 |
| 655 ## - INDEX TERM--GENRE/FORM | |
| Form subdivision | |
| -- | 33728 |
| 700 1# - ADDED ENTRY--PERSONAL NAME | |
| Personal name | Male, Steven |
| 9 (RLIN) | 7312 |
| 700 1# - ADDED ENTRY--PERSONAL NAME | |
| Personal name | Graham, Drummond |
| 9 (RLIN) | 32885 |
| 942 ## - ADDED ENTRY ELEMENTS (KOHA) | |
| Source of classification or shelving scheme | Dewey Decimal Classification |
| Item type | Book - Borrowing |
| Call number prefix | 690.068 KEL |
| Withdrawn status | Item status | Source of classification or shelving scheme | Damaged status | Not for loan | Vendor | Home library | Current library | Shelving location | Date acquired | Source of acquisition | Total Checkouts | Full call number | Barcode | Date last seen | Koha item type | Date last borrowed | Total Renewals |
|---|---|---|---|---|---|---|---|---|---|---|---|---|---|---|---|---|---|
| Dewey Decimal Classification | Baccah | Central Library | Central Library | First floor | 18/03/2013 | 690.068 KEL | 000028528 | 15/07/2025 | NB - Book (Non borrowing) | ||||||||
| Dewey Decimal Classification | Baccah | Central Library | Central Library | First floor | 18/03/2013 | 690.068 KEL | 000028529 | 15/07/2025 | Book - Borrowing | ||||||||
| Dewey Decimal Classification | Baccah | Central Library | Central Library | First floor | 18/03/2013 | 690.068 KEL | 000028530 | 15/07/2025 | Book - Borrowing | ||||||||
| Dewey Decimal Classification | Baccah | Central Library | Central Library | First floor | 18/03/2013 | 2 | 690.068 KEL | 000028531 | 15/07/2025 | Book - Borrowing | 30/10/2016 | ||||||
| Dewey Decimal Classification | Baccah | Central Library | Central Library | First floor | 18/03/2013 | 690.068 KEL | 000028532 | 15/07/2025 | Book - Borrowing | ||||||||
| Dewey Decimal Classification | Baccah | Central Library | Central Library | First floor | 18/03/2013 | 1 | 690.068 KEL | 000028533 | 15/07/2025 | Book - Borrowing | 02/10/2014 | 5 | |||||
| Dewey Decimal Classification | Baccah | Central Library | Central Library | First floor | 18/03/2013 | 690.068 KEL | 000028534 | 15/07/2025 | Book - Borrowing | ||||||||
| Dewey Decimal Classification | Baccah | Central Library | Central Library | First floor | 26/01/2014 | 1 | 690.068 KEL | 000035477 | 15/07/2025 | Book - Borrowing | 07/02/2015 | ||||||
| Dewey Decimal Classification | Baccah | Central Library | Central Library | First floor | 26/01/2014 | 690.068 KEL | 000035478 | 15/07/2025 | Book - Borrowing |